Statistics for Largest cities without team in the 'Big Five' soccer leagues

Click here to take the quiz!

General Stats

  • This quiz has been taken 46 times
  • The average score is 8 of 25

Answer Stats

GroupPopulationCity% Correct
Germany1,841,179Hamburg
70%
Italy663,401Palermo
53%
England567,111Bristol
51%
Spain571,026Malaga
51%
England500,155Leeds
49%
Italy260,520Venice
49%
England308,273Nottingham
44%
Spain666,880Zaragoza
42%
Germany583,109Essen
40%
Italy320,862Bari
37%
Germany554,649Dresden
37%
Germany634,830Stuttgart
37%
Italy311,584Catania
35%
France158,180Grenoble
28%
Spain378,517Las Palma
28%
Germany538,068Hannover
23%
England360,145Bradford
21%
England362,690Coventry
21%
Spain447,182Murcia
21%
Italy232,555Messina
19%
France169,634Toulon
19%
Spain331,577Alicante
9%
France143,006Aix-en-Provence
7%
France149,019Villeurbanne
5%
France170,352Le Harve
2%

Score Distribution

Percentile by Number Answered

Percent of People with Each Score

Your Score History

You have not taken this quiz